Microeconomics and Behavior
Enregistré dans:
| Auteur principal: | |
|---|---|
| Format: | Livre |
| Langue: | anglais |
| Publié: |
New York
McGraw-Hill
2021
|
| Édition: | 10th Edition |
| Collection: | The McGraw-Hill Series in Economics
|
| Sujets: | |
| Tags: |
Pas de tags, Soyez le premier à ajouter un tag!
|
MARC
| LEADER | 00000nam a2200000 4500 | ||
|---|---|---|---|
| 001 | 0277283 | ||
| 005 | 20230105093048.8 | ||
| 020 | |a 978-1-260-57564-4 | ||
| 041 | 0 | |a eng | |
| 044 | |a US | ||
| 245 | 1 | 0 | |a Microeconomics and Behavior |c Robert H. Frank |
| 250 | |a 10th Edition | ||
| 264 | 1 | |a New York |b McGraw-Hill |c 2021 | |
| 300 | |a 600 s. | ||
| 490 | 1 | |a The McGraw-Hill Series in Economics | |
| 830 | 0 | |a The McGraw-Hill Series in Economics | |
| 610 | 2 | 0 | |a mikroekonomika |
| 610 | 2 | 0 | |a myslenie ekonomické |
| 610 | 2 | 0 | |a správanie spotrebiteľa |
| 610 | 2 | 0 | |a teória firmy |
| 610 | 2 | 0 | |a rovnováha |
| 610 | 2 | 0 | |a blahobyt |
| 100 | 1 | |a Frank, Robert H. | |